00873nam a2200253 a 450000100060000000300080000600500170001400800410003102000330007203500190010504000270012404100080015108200250015910000230018424501450020726000310035230000360038350400640041965000270048365000310051065000270054170000290056870000220059758886BD-RjUL20211209080652.0161220s1992 nyua b 001 0 eng  a0471529141 (acidfree paper)  a(BD-RjUL)59010 aDLCcDLCdBD-RjULbeng aeng00a658.15223bWUC 19921 aWunnicke, Diane B.10aCorporate financial risk management :bpractical techniques of financial engineering /cDiane B. Wunnicke, David R. Wilson, Brooke Wunnicke. aNew York :bWiley,cc1992. axviii, 347 p. :bill. ;c24 cm. aIncludes bibliographical references (p. 313-317) and index. 0aCorporationsxFinance. 0aFinancial risk management. 0aFinancial engineering.1 aWilson, David R.,d1948-1 aWunnicke, Brooke.